Hospital-based return-to-work coordination (COHRAT) at the heart of a regional ecosystem implemented within the Institut de Cancérologie de l’Ouest (notice n° 2081357)

détails MARC
000 -LEADER
fixed length control field 02278cam a2200313 4500500
005 - DATE AND TIME OF LATEST TRANSACTION
control field 20260405005137.0
041 ## - LANGUAGE CODE
Language code of text/sound track or separate title fre
042 ## - AUTHENTICATION CODE
Authentication code dc
100 10 - MAIN ENTRY--PERSONAL NAME
Personal name Porro, Bertrand
Relator term author
245 00 - TITLE STATEMENT
Title Hospital-based return-to-work coordination (COHRAT) at the heart of a regional ecosystem implemented within the Institut de Cancérologie de l’Ouest
260 ## - PUBLICATION, DISTRIBUTION, ETC.
Date of publication, distribution, etc. 2026.<br/>
500 ## - GENERAL NOTE
General note 8
520 ## - SUMMARY, ETC.
Summary, etc. Improved survival following a cancer diagnosis makes it crucial that a sustainable return to work is supported, particularly for employees in the private sector, who are at higher risk of occupational disengagement. To address this need, the Institut de Cancérologie de l’Ouest has developed an innovative hospital-based coordination programme offering individualised support, initiated within the care pathway and integrated with primary care, occupational health services and the workplace. Grounded in theory and evidence, the programme combines clinical assessment, interprofessional coordination, and standardised tools for both patients and professional stakeholders. Embedded within a structured regional network in the Pays de la Loire, the initiative aims to secure return-to-work pathways and prevent post-cancer occupational exclusion. An ongoing pilot study involving women treated for non-metastatic breast cancer will evaluate the programme’s effectiveness and implementation conditions. The programme is also being adapted for other cancer types and for caregivers.
700 10 - ADDED ENTRY--PERSONAL NAME
Personal name Campone, Mario
Relator term author
700 10 - ADDED ENTRY--PERSONAL NAME
Personal name Joalland, Viviane
Relator term author
700 10 - ADDED ENTRY--PERSONAL NAME
Personal name Thomas, Céline
Relator term author
700 10 - ADDED ENTRY--PERSONAL NAME
Personal name Bazille, Anne-Sophie
Relator term author
700 10 - ADDED ENTRY--PERSONAL NAME
Personal name Montaigne, Hélène
Relator term author
700 10 - ADDED ENTRY--PERSONAL NAME
Personal name Chambre-Clavel, Béatrice
Relator term author
700 10 - ADDED ENTRY--PERSONAL NAME
Personal name Hiret, Sandrine
Relator term author
700 10 - ADDED ENTRY--PERSONAL NAME
Personal name Dumas, Laurence
Relator term author
700 10 - ADDED ENTRY--PERSONAL NAME
Personal name Delva, Rémy
Relator term author
700 10 - ADDED ENTRY--PERSONAL NAME
Personal name Branchereau, Marion
Relator term author
700 10 - ADDED ENTRY--PERSONAL NAME
Personal name Petit, Audrey
Relator term author
700 10 - ADDED ENTRY--PERSONAL NAME
Personal name Blanc-Onfroy, Magali Le
Relator term author
700 10 - ADDED ENTRY--PERSONAL NAME
Personal name Roquelaure, Yves
Relator term author
786 0# - DATA SOURCE ENTRY
Note Innovations & Thérapeutiques en Oncologie | Volume 12 | 1 | 2026-02-24 | p. 38-44 | 2431-3203
856 41 - ELECTRONIC LOCATION AND ACCESS
Uniform Resource Identifier <a href="https://stm.cairn.info/journal-innovations-therapeutiques-en-oncologie-2026-1-page-38?lang=en&redirect-ssocas=7080">https://stm.cairn.info/journal-innovations-therapeutiques-en-oncologie-2026-1-page-38?lang=en&redirect-ssocas=7080</a>

Pas d'exemplaire disponible.

PLUDOC

PLUDOC est la plateforme unique et centralisée de gestion des bibliothèques physiques et numériques de Guinée administré par le CEDUST. Elle est la plus grande base de données de ressources documentaires pour les Étudiants, Enseignants chercheurs et Chercheurs de Guinée.

Adresse

627 919 101/664 919 101

25 boulevard du commerce
Kaloum, Conakry, Guinée

Réseaux sociaux

Powered by Netsen Group @ 2025